00659nam a2200157 i 4500001000700000003000900007005001700016008004100033040002000074100002900094245011300123260011500236300004500351700003100396852007400427167906ES-MaACL20240516063105.0051004s1901 xxka | |||||||| ||eng d aCAM bspa cCAM0 aWells, H. G.,d1866-194614aThe wheels of chance b: a holiday adventure / cby H.G. Wells; with 40 illustrations by J. Ayton Symington. aLondon : bJ.M. Dent and Co. ; aNew York : bThe Macmillan Co.,c1901 (fPrinted by Ballantyne, Hanson & Co.) aXIII, 313 p., [hh. de lám.] ; c20 cm.1 aSymington, J. Ayton. kil. aES-MaACLjF-2404 z-- Enc. editorial en tela roja con hierros dorados